000 00462nam a2200181Ia 4500
005 20250508161810.0
008 008 250505s9999 xx 000 0 hin d
037 _aTextual
040 _aFEDL
_beng
_cFEDL
041 _ahin
_2hin
084 _aFH, PRE
_qFEDL
100 _aPrem Chand
245 0 _aPanch parmeshwar
260 _aBanaras, India
_bSaraswati Press
_c1957
300 _a28p
942 _cTEXL
_hFH, PRE
999 _c1372269
_d1372269